| 000 | 00340nam a2200121Ia 4500 | ||
|---|---|---|---|
| 008 | 220217s9999||||xx |||||||||||||| ||und|| | ||
| 082 | _a629.8 BHI | ||
| 100 | _aBhide, S.D Sathyanarayan. S & Shinde, J.N | ||
| 245 | 0 | _aLinear control systems | |
| 260 |
_aTech max publications _bPune _c2002 |
||
| 300 | _b295 | ||
| 650 | _aCONTROL SYSTEM | ||
| 999 |
_c172062 _d172062 |
||